Najludniejsze kraje od 10 000 p.n.e do 2100 - Statystyki

Ogólne statystyki
  • Ten quiz został rozwiązany 740 razy
  • Średni wynik to 3 z 5
Statystyki odpowiedzi
Rok Kraj % Poprawnych
2024 - 2100 Indie
95%
1519 - 2024 Chiny
94%
5430 p.n.e - 4661 p.n.e Chiny
37%
4661 p.n.e - 1519 n.e Indie
34%
10 000 p.n.e - 5430 p.n.e Meksyk
18%
Nie znaleziono quizów pasujących do podanych kryteriów
Rozkład punktacji
Procent ludzi z każdym wynikiem
Percentyl według liczby udzielonych odpowiedzi
Twoja historia wyników
Nie rozwiązałeś tego quizu